[Event "Chess for fun, not chess for blood"]
[Site "SchemingMind.com"]
[Date "2009.05.02"]
[Round "-"]
[White "lame wolf"]
[Black "MazetaFighter"]
[Result "0-1"]
[WhiteCountry "INT"]
[BlackCountry "GRE"]
[WhiteElo "1075"]
[WhiteRD "42"]
[BlackElo "2036"]
[BlackRD "70"]
[GameID "202925"]

1. c4 e5 2. d4 exd4 3. Qxd4 Nc6 4. Qd1 Nf6 5. e3 Bc5 6. g3 d6 7. Bg2 O-O 8. Ne2 Re8 9. Nf4 Ne5 10. O-O c6
11. Nd2 Bg4 12. f3 Bxe3+ 13. Kh1 Bf5 14. g4 Bd3 15. Nxd3 Nxd3 16. Qe2 Nf4 17. Qe1 Qb6 18. b3 Nd7 19. Ne4 Bxc1 20. Qxc1 Nxg2
21. Kxg2 d5 22. Nd6 Re2+ 23. Kg3 Qc7 24. c5 Nxc5 25. Qf4 Nd3 26. Qxf7+ Qxf7 27. Nxf7 Kxf7 28. Rfd1 Nc5 29. b4 Ne6 30. a4 d4
31. b5 c5 32. f4 Rd8 33. f5 Ng5 34. a5 d3 35. b6 a6 36. Ra4 d2 37. Kf4 h6 38. Rc4 Rf2+ 39. Ke5 Re8+ 40. Kd6 Re1
41. Rxd2 Rxd2+ 42. Kc7 Re7+ 43. Kb8 Rd8+ 44. Ka7 Ne4 45. h4 Rc8 46. g5 Nd6 47. Rf4 Nb5#
0-1

[Event "Chess for fun, not chess for blood"]
[Site "SchemingMind.com"]
[Date "2009.05.02"]
[Round "-"]
[White "MazetaFighter"]
[Black "lame wolf"]
[Result "1-0"]
[WhiteCountry "GRE"]
[BlackCountry "INT"]
[WhiteElo "2036"]
[WhiteRD "70"]
[BlackElo "1075"]
[BlackRD "42"]
[GameID "202926"]

1. e4 c5 2. Nf3 d5 3. exd5 Qxd5 4. Nc3 Qd8 5. d4 Bg4 6. Bc4 e6 7. O-O Nc6 8. Bb5 Ne7 9. dxc5 Qxd1 10. Rxd1 Bxf3
11. gxf3 Nd5 12. Nxd5 Rd8 13. Nc7+ Ke7 14. Rxd8 Nxd8 15. Na6 bxa6 16. Bxa6 Nc6 17. c3 Kd8 18. b4 Be7 19. Bf4 e5 20. Rd1+ Kc7
21. Be3 Rd8 22. Rxd8 Bxd8 23. Bc4 a5 24. b5 Ne7 25. Bxf7 g6 26. Be8 Nd5 27. b6+ Kb7 28. c6+ Ka6 29. c7
1-0

[Event "Chess for fun, not chess for blood"]
[Site "SchemingMind.com"]
[Date "2009.05.03"]
[Round "-"]
[White "Jochen"]
[Black "lame wolf"]
[Result "1-0"]
[WhiteCountry "GBR"]
[BlackCountry "INT"]
[WhiteElo "1168"]
[WhiteRD "77"]
[BlackElo "1075"]
[BlackRD "42"]
[GameID "202976"]

1. e4 d5 2. e5 c5 3. Bb5+ Bd7 4. Nc3 Bxb5 5. Nxb5 b6 6. Nc3 c4 7. Nb5 e6 8. c3 f6 9. Nf3 a6 10. Nbd4 Ke7
11. O-O Ke8 12. Nxe6 Qd6 13. d4 Nd7 14. Nf4 fxe5 15. Nh5 g6 16. Ng3 e4 17. Ng5 Nh6 18. Bf4 Qe7 19. Qa4 Qf6 20. Nh3 b5
21. Qa5 Qb6 22. b4 Qxa5 23. bxa5 Nf6 24. Ng5 Nf5 25. Ne6 Kf7 26. Ng5+ Kg8 27. Rad1 Nxg3 28. fxg3 h6 29. Ne6 Be7 30. h3 Kh7
31. g4 g5 32. Be5 Rhg8 33. g3 h5 34. gxh5 Nxh5 35. Rf7+ Kh6 36. Rxe7 Rae8 37. Rf7 Kg6 38. Nf4+ Kxf7 39. Nxh5 Rg6 40. Rf1+ Ke6
41. a3 Re7 42. h4 gxh4 43. Nf4+
1-0

[Event "Chess for fun, not chess for blood"]
[Site "SchemingMind.com"]
[Date "2009.05.03"]
[Round "-"]
[White "Jochen"]
[Black "MazetaFighter"]
[Result "0-1"]
[WhiteCountry "GBR"]
[BlackCountry "GRE"]
[WhiteElo "1168"]
[WhiteRD "77"]
[BlackElo "2036"]
[BlackRD "70"]
[GameID "202977"]

1. e4 e5 2. Nc3 Nf6 3. h3 Bc5 4. Bc4 c6 5. Nf3 d6 6. Ng5 O-O 7. Bxf7+ Rxf7 8. O-O Rf8 9. Ne2 h6 10. Nf3 Nxe4
11. Ng3 Nxg3 12. Re1 Nf5 13. a3 Be6 14. b4 Bb6 15. Qe2 Nd7 16. g3 Qf6 17. c3 Nxg3 18. Qd3 Qxf3 19. Qxf3 Rxf3 20. Kh2 Nh5
21. a4 Rxf2+ 22. Kg1 Rxd2+ 23. Kf1 Rf8#
0-1

[Event "Chess for fun, not chess for blood"]
[Site "SchemingMind.com"]
[Date "2009.05.03"]
[Round "-"]
[White "lame wolf"]
[Black "Jochen"]
[Result "0-1"]
[WhiteCountry "INT"]
[BlackCountry "GBR"]
[WhiteElo "1075"]
[WhiteRD "42"]
[BlackElo "1168"]
[BlackRD "77"]
[GameID "202978"]

1. b4 e5 2. b5 d5 3. d4 e4 4. e3 Bb4+ 5. Bd2 Be7 6. a4 Nh6 7. c4 Nf5 8. Bc1 Bb4+ 9. Bd2 Bd6 10. Be2 Nh4
11. g3 Nf5 12. f4 g6 13. Qb3 Nd7 14. Bb4 Nb6 15. c5 a5 16. Bc3 Nc4 17. Bxc4 Nxe3 18. Bd2 Ng2+ 19. Kf1 dxc4 20. Qc2 Be7
21. Kxg2 Qxd4 22. Qc3 Bf6 23. Qxd4 Bxd4 24. Ra2 e3 25. Bc3 Bxc3 26. Nxc3 O-O 27. Nge2 Bg4 28. Nd5 Kg7 29. Re1 f6 30. Nxc7 Rae8
31. Nxe8+ Rxe8 32. Nd4 c3 33. Rc2 Re4 34. Nb3 e2 35. h3 Be6 36. Nc1 Bd5 37. Rxc3 Rc4+ 38. Kf2 Rxc3 39. Kxe2 Bf3+ 40. Kf2 Bd5
41. Re7+ Kh6 42. Ne2 Rxc5 43. Nd4 Rc4 44. Ke3 Rc3+
0-1

[Event "Chess for fun, not chess for blood"]
[Site "SchemingMind.com"]
[Date "2009.05.03"]
[Round "-"]
[White "MazetaFighter"]
[Black "Jochen"]
[Result "1-0"]
[WhiteCountry "GRE"]
[BlackCountry "GBR"]
[WhiteElo "2036"]
[WhiteRD "70"]
[BlackElo "1168"]
[BlackRD "77"]
[GameID "202979"]

1. e4 e5 2. Nf3 Nc6 3. Bb5 a6 4. Ba4 b5 5. Bb3 Nf6 6. O-O h6 7. d4 Nxd4 8. Nxd4 Nxe4 9. Nf3 Bd6 10. Re1 Bb7
11. Bd5 Bxd5 12. Qxd5 c6 13. Qxe4 a5 14. Nc3 g6 15. Bd2 O-O 16. Bxh6 Re8 17. Bg5 Qb6 18. Bf6 Bc5 19. Qh4 Bxf2+ 20. Qxf2 Qc7
21. Qh4 Qb6+ 22. Kh1 b4 23. Qh8#
1-0

[Event "Chess for fun, not chess for blood"]
[Site "SchemingMind.com"]
[Date "2009.05.02"]
[Round "-"]
[White "aadaam"]
[Black "lame wolf"]
[Result "1-0"]
[WhiteCountry "INT"]
[BlackCountry "INT"]
[WhiteElo "1688"]
[WhiteRD "47"]
[BlackElo "1075"]
[BlackRD "42"]
[GameID "202987"]

1. d4 d5 2. c4 dxc4 3. e3 b5 4. a4 c6 5. axb5 cxb5 6. b3 Bb7 7. bxc4 e5 8. cxb5 exd4 9. exd4 Nd7 10. Bc4 Nh6
11. Qe2+ Qe7 12. Nf3 Qxe2+ 13. Bxe2 Bb4+ 14. Bd2 Bxd2+ 15. Nbxd2 O-O 16. O-O Rfe8 17. Bd3 a6 18. bxa6 Bxf3 19. Nxf3 f5 20. Bb5 Ra7
21. Ne5 Re7 22. Bxd7 g5 23. Bxf5 Nxf5 24. Nc6
1-0

[Event "Chess for fun, not chess for blood"]
[Site "SchemingMind.com"]
[Date "2009.05.03"]
[Round "-"]
[White "aadaam"]
[Black "Jochen"]
[Result "0-1"]
[WhiteCountry "INT"]
[BlackCountry "GBR"]
[WhiteElo "1688"]
[WhiteRD "47"]
[BlackElo "1168"]
[BlackRD "77"]
[GameID "202988"]

1. Nf3 Nc6 2. d4 Nf6 3. c4 d5 4. e3 Bf5 5. cxd5 Nxd5 6. Nc3 Nxc3 7. bxc3 Qd5 8. c4 Qe4 9. Be2 e5 10. O-O Be7
11. Bb2 Rd8 12. d5 O-O 13. Qa4 Nb4 14. Qxa7 Nc2 15. Rac1 Nb4 16. Bxe5 Ra8 17. Qd4 Rxa2 18. Bxg7 Rfa8 19. Bd1 Qxd4 20. Bxd4 Bd3
21. Re1 Kf8 22. Bc3 Na6 23. Ne5 Bf5 24. g4 Bc8 25. Rc2 Rxc2 26. Bxc2 f6 27. Nd3 Bxg4 28. Ra1 Kf7 29. Nb4 Rg8 30. Bxh7 Rg7
31. Bd3 Be2+
0-1

[Event "Chess for fun, not chess for blood"]
[Site "SchemingMind.com"]
[Date "2009.05.03"]
[Round "-"]
[White "aadaam"]
[Black "MazetaFighter"]
[Result "0-1"]
[WhiteCountry "INT"]
[BlackCountry "GRE"]
[WhiteElo "1677"]
[WhiteRD "50"]
[BlackElo "1994"]
[BlackRD "61"]
[GameID "202989"]

1. d4 Nf6 2. c4 e6 3. Nc3 Bb4 4. a3 Bxc3+ 5. bxc3 c5 6. e3 O-O 7. Bd3 Nc6 8. Ne2 b6 9. O-O Ba6 10. e4 Ne8
11. f4 f5 12. e5 d6 13. d5 exd5 14. cxd5 Bxd3 15. dxc6 Be4 16. Qb3+ Kh8 17. Bb2 Bxc6 18. Rad1 Qe7 19. c4 dxe5 20. Bxe5 Rd8
21. Qb2 Nf6 22. Ng3 Be4 23. Rde1 Rd3 24. Rd1 Ng4 25. Nxe4 fxe4 26. Rxd3 exd3 27. Rd1 Rd8 28. h3 Nxe5 29. fxe5 Rd4 30. Qc3 Qxe5
31. Rxd3 Kg8 32. Re3 Rd1+ 33. Kf2 Qf4+ 34. Rf3 Qd2+ 35. Kg3 Qxc3 36. Rxc3 Rd4 37. Kf3 Kf7 38. g4 Ke6 39. Re3+ Kd6 40. Re4 Rd3+
41. Re3 Rxe3+ 42. Kxe3 Ke5 43. a4 a5 44. h4 h6 45. h5 Kf6 46. Kf4 g6 47. Ke4 gxh5 48. gxh5 Kg5 49. Kd5 Kxh5 50. Kc6 Kg5
0-1

[Event "Chess for fun, not chess for blood"]
[Site "SchemingMind.com"]
[Date "2009.05.02"]
[Round "-"]
[White "lame wolf"]
[Black "aadaam"]
[Result "0-1"]
[WhiteCountry "INT"]
[BlackCountry "INT"]
[WhiteElo "1075"]
[WhiteRD "42"]
[BlackElo "1688"]
[BlackRD "47"]
[GameID "202990"]

1. Nf3 d5 2. d4 e6 3. e3 c5 4. Bb5+ Bd7 5. Bxd7+ Qxd7 6. Ne5 Qc7 7. f4 Nc6 8. Nxc6 Qxc6 9. Qd2 Nf6 10. Na3 Ne4
11. Qe2 c4 12. c3 Bxa3 13. bxa3 Nxc3 14. Qc2 Ne4 15. Rg1 O-O 16. Ke2 b5 17. Bd2 a5 18. Rab1 Rfb8 19. g4 c3 20. Be1 b4
21. a4 Qc4+ 22. Kd1 Rb7 23. f5 Rab8 24. Qb3 Qd3+ 25. Kc1 Qxe3+ 26. Kc2 Qxg1
0-1

[Event "Chess for fun, not chess for blood"]
[Site "SchemingMind.com"]
[Date "2009.05.03"]
[Round "-"]
[White "Jochen"]
[Black "aadaam"]
[Result "0-1"]
[WhiteCountry "GBR"]
[BlackCountry "INT"]
[WhiteElo "1168"]
[WhiteRD "77"]
[BlackElo "1688"]
[BlackRD "47"]
[GameID "202991"]

1. e4 e6 2. Nf3 d5 3. Bd3 c5 4. e5 Nc6 5. c3 Qc7 6. Na3 Nxe5 7. Bb5+ Bd7 8. Ng5 Bxb5 9. Qc2 Nd3+ 10. Ke2 Nxc1+
11. Ke1 Qc6 12. Rxc1 Be7 13. Nf3 Nf6 14. Ne5 Qa6 15. Qb3 Ba4 16. Qxa4+ Qxa4 17. h3 O-O 18. d3 c4 19. d4 Bxa3 20. Rb1 Qc2
21. Rd1 Bxb2 22. Nf3 Bxc3+ 23. Kf1 Qxd1+ 24. Ne1 Qxe1#
0-1

[Event "Chess for fun, not chess for blood"]
[Site "SchemingMind.com"]
[Date "2009.05.03"]
[Round "-"]
[White "MazetaFighter"]
[Black "aadaam"]
[Result "1-0"]
[WhiteCountry "GRE"]
[BlackCountry "INT"]
[WhiteElo "1994"]
[WhiteRD "61"]
[BlackElo "1677"]
[BlackRD "50"]
[GameID "202992"]

1. e4 e6 2. d4 d5 3. Nc3 Nf6 4. Bg5 dxe4 5. Nxe4 Be7 6. Bxf6 Bxf6 7. Nf3 b6 8. Bd3 Bb7 9. Qe2 Nd7 10. O-O-O O-O
11. h4 Bxe4 12. Qxe4 g6 13. h5 Bg5+ 14. Kb1 Re8 15. hxg6 hxg6 16. Qg4 Bf6 17. Bxg6 fxg6 18. Qxg6+ Kf8 19. d5 Qe7 20. dxe6 Qxe6
21. Ng5 Qg8 22. Nh7+ Ke7 23. Rhe1+ Be5 24. Rxe5+ Kd8 25. Qxg8 Rxg8 26. Red5
1-0

[Event "Chess for fun, not chess for blood"]
[Site "SchemingMind.com"]
[Date "2009.05.03"]
[Round "-"]
[White "Ivancic"]
[Black "lame wolf"]
[Result "1-0"]
[WhiteCountry "AUS"]
[BlackCountry "INT"]
[WhiteElo "1912"]
[WhiteRD "78"]
[BlackElo "1075"]
[BlackRD "42"]
[GameID "203068"]

1. e4 g5 2. d4 h6 3. Bc4 Bg7 4. h4 e6 5. hxg5 hxg5 6. Rxh8 Bxh8 7. Qh5 Bxd4 8. Bxg5 Bf6 9. Nf3 Qe7 10. Nbd2 Qf8
11. O-O-O d6 12. e5 Bg7 13. Ne4 Bxe5 14. Nxe5 Nd7 15. Nxd7 Bxd7 16. Nf6+ Nxf6 17. Bxf6 Qg8 18. Rh1 Qg6 19. Qh8+
1-0

[Event "Chess for fun, not chess for blood"]
[Site "SchemingMind.com"]
[Date "2009.05.03"]
[Round "-"]
[White "Ivancic"]
[Black "Jochen"]
[Result "1-0"]
[WhiteCountry "AUS"]
[BlackCountry "GBR"]
[WhiteElo "1912"]
[WhiteRD "78"]
[BlackElo "1168"]
[BlackRD "77"]
[GameID "203069"]

1. e4 e5 2. Nf3 Nc6 3. Bb5 a6 4. Ba4 Bc5 5. c3 b5 6. Bc2 Nf6 7. O-O Nh5 8. Nxe5 g6 9. Nxc6 dxc6 10. d4 Bd6
11. e5 Be7 12. f4 Qd5 13. f5 Bxf5 14. Bxf5 Ng7 15. Bc2 O-O-O 16. Bb3 Qd7 17. Rxf7 Nh5 18. Bg5 Qe8 19. Rxe7 Qf8 20. Qg4+ Kb7
21. Rf7 Qxf7 22. Bxf7 Rdf8 23. e6 Rb8 24. Nd2 c5 25. dxc5 a5 26. c6+ Kxc6 27. Qe4+ Kd6 28. Nb3 Ng7 29. Rd1#
1-0

[Event "Chess for fun, not chess for blood"]
[Site "SchemingMind.com"]
[Date "2009.05.03"]
[Round "-"]
[White "Ivancic"]
[Black "MazetaFighter"]
[Result "1/2-1/2"]
[WhiteCountry "AUS"]
[BlackCountry "GRE"]
[WhiteElo "1957"]
[WhiteRD "71"]
[BlackElo "1994"]
[BlackRD "61"]
[GameID "203070"]

1. e4 c5 2. Nf3 d6 3. d4 cxd4 4. Nxd4 Nf6 5. Nc3 a6 6. Bc4 e6 7. Bb3 Nbd7 8. f4 Nc5 9. O-O Be7 10. Qf3 O-O
11. Be3 Qc7 12. g4 b5 13. g5 Nfxe4 14. Nxe4 Bb7 15. Nxe6 Nxe6 16. Qg4 d5 17. f5 dxe4 18. fxe6 fxe6 19. Bxe6+ Kh8 20. Bf5 Bc5
21. Qh3 Bxe3+ 22. Qxe3 Qe5 23. Bh3 Qxb2 24. g6 Rf3 25. Rxf3 exf3 26. Re1 hxg6 27. Bg4 Qxc2 28. Bxf3 Bxf3 29. Qxf3 Qc5+ 30. Kh1 Rf8
31. Qh3+ Qh5 32. Qxh5+ gxh5 33. Kg2 Kh7 34. Re4 Rf6 35. a4 bxa4 36. Rxa4 g5 37. h4 gxh4 38. Rxh4 Kg6 39. Ra4 Rb6 40. Ra5 Rc6
41. Kh3 Rc3+ 42. Kh4 Rc4+ 43. Kh3 Rc6 44. Kh4 Rb6 45. Rg5+ Kh7 46. Ra5=
1/2-1/2

[Event "Chess for fun, not chess for blood"]
[Site "SchemingMind.com"]
[Date "2009.05.03"]
[Round "-"]
[White "Ivancic"]
[Black "aadaam"]
[Result "1-0"]
[WhiteCountry "AUS"]
[BlackCountry "INT"]
[WhiteElo "1912"]
[WhiteRD "78"]
[BlackElo "1688"]
[BlackRD "47"]
[GameID "203071"]

1. e4 e6 2. d4 d5 3. exd5 exd5 4. c4 Nf6 5. Nc3 Be7 6. h3 O-O 7. Nf3 Re8 8. Be3 c6 9. Bd3 dxc4 10. Bxc4 Nbd7
11. Qb3 Rf8 12. Ne5 Nd5 13. Nxd5 cxd5 14. Bxd5 Nxe5 15. dxe5 Qa5+ 16. Bd2 Qa6 17. Bc4 Qg6 18. O-O b6 19. Bd5 Rb8 20. Rac1 Bc5
21. Rxc5 bxc5 22. Qxb8 Bxh3 23. Qb3
1-0

[Event "Chess for fun, not chess for blood"]
[Site "SchemingMind.com"]
[Date "2009.05.04"]
[Round "-"]
[White "lame wolf"]
[Black "Ivancic"]
[Result "0-1"]
[WhiteCountry "INT"]
[BlackCountry "AUS"]
[WhiteElo "1075"]
[WhiteRD "42"]
[BlackElo "1912"]
[BlackRD "78"]
[GameID "203072"]

1. e4 c5 2. c4 g6 3. d4 cxd4 4. Qxd4 Nf6 5. Be3 Nc6 6. Qc3 e6 7. e5 Bb4 8. Qxb4 Nxb4 9. Na3 Ng4 10. Ne2 Nxe3
11. fxe3 Nd3+ 12. Kd2 Nxb2 13. Nc3 Qa5 14. Bd3 Nxd3
0-1

[Event "Chess for fun, not chess for blood"]
[Site "SchemingMind.com"]
[Date "2009.05.03"]
[Round "-"]
[White "Jochen"]
[Black "Ivancic"]
[Result "0-1"]
[WhiteCountry "GBR"]
[BlackCountry "AUS"]
[WhiteElo "1205"]
[WhiteRD "74"]
[BlackElo "1957"]
[BlackRD "71"]
[GameID "203073"]

1. e4 c5 2. c3 d5 3. e5 Bf5 4. Na3 Nc6 5. Nf3 a6 6. d3 Qc7 7. Qe2 e6 8. h3 b5 9. Ng5 h6 10. Nf3 c4
11. d4 Bd3 12. Qe3 Bxf1 13. Rxf1 Nge7 14. b4 cxb3 15. axb3 Nf5 16. Qf4 b4 17. Nb1 bxc3 18. Nxc3 Ncxd4 19. Qd2 Nxb3 20. Qb2 Nxa1
21. Qxa1 Bc5 22. Na4 O-O 23. Qc3 Rfc8 24. g4 Ne7 25. h4 Rab8 26. Bd2 Bb4 27. Qd3 Bxd2+ 28. Nxd2 Qxe5+ 29. Kd1 Qa1+ 30. Ke2 Qxa4
31. f3 Qb5 32. f4 Qxd3+ 33. Kxd3 a5 34. Ra1 Nc6 35. Nf3 Rb4 36. Nd2 Rxf4 37. Ke3 Rxg4 38. Nf1 Rxh4 39. Kd2 Rh3 40. Rb1 a4
41. Ra1 a3 42. Kd1 d4 43. Kc2 Nb4+ 44. Kd2 a2 45. Kd1 Rb3 46. Nd2 Rb2 47. Ne4 Rcc2 48. Ke1 Rb1+ 49. Rxb1 axb1=Q#
0-1

[Event "Chess for fun, not chess for blood"]
[Site "SchemingMind.com"]
[Date "2009.05.03"]
[Round "-"]
[White "MazetaFighter"]
[Black "Ivancic"]
[Result "0-1"]
[WhiteCountry "GRE"]
[BlackCountry "AUS"]
[WhiteElo "1994"]
[WhiteRD "61"]
[BlackElo "1957"]
[BlackRD "71"]
[GameID "203074"]

1. e4 c5 2. Nf3 d6 3. d4 cxd4 4. Nxd4 Nf6 5. Nc3 a6 6. Bc4 e6 7. Bb3 Nbd7 8. g4 Nc5 9. f3 Nxb3 10. Nxb3 b5
11. Be3 Bb7 12. h4 Nd7 13. Qd2 Qc7 14. O-O Be7 15. Qf2 Nc5 16. Nxc5 dxc5 17. Rad1 O-O 18. g5 f5 19. gxf6 Bxf6 20. Bxc5 Bxh4
21. Qxh4 Qxc5+ 22. Qf2 Qc7 23. Qh2 Qc5+ 24. Qf2= Qe7 25. Qg3 Rf6 26. Qe5 Rg6+ 27. Kf2 Rf8 28. Rd6 b4 29. Ne2 Bxe4 30. Nf4 Rgf6
0-1

[Event "Chess for fun, not chess for blood"]
[Site "SchemingMind.com"]
[Date "2009.05.03"]
[Round "-"]
[White "aadaam"]
[Black "Ivancic"]
[Result "0-1"]
[WhiteCountry "INT"]
[BlackCountry "AUS"]
[WhiteElo "1688"]
[WhiteRD "47"]
[BlackElo "1912"]
[BlackRD "78"]
[GameID "203075"]

1. d4 d5 2. c4 e6 3. Nc3 Nf6 4. Bg5 Nbd7 5. e3 c6 6. Nf3 Be7 7. Bd3 dxc4 8. Bxc4 b5 9. Be2 a6 10. O-O O-O
11. Rc1 Bb7 12. a3 c5 13. dxc5 Nxc5 14. b4 Nce4 15. Nxe4 Bxe4 16. Nd4 Qd5 17. f3 Qxg5
0-1

[Event "Chess for fun, not chess for blood"]
[Site "SchemingMind.com"]
[Date "2009.05.03"]
[Round "-"]
[White "schakert"]
[Black "lame wolf"]
[Result "1-0"]
[WhiteCountry "NED"]
[BlackCountry "INT"]
[WhiteElo "1712"]
[WhiteRD "62"]
[BlackElo "1075"]
[BlackRD "42"]
[GameID "203164"]

1. d4 d5 2. Qd3 Nc6 3. Bf4 Nf6 4. f3 e6 5. e3 Bd6 6. Bxd6 Qxd6 7. Nc3 Nb4 8. Qb5+ c6 9. Qa4 b5 10. Qb3 a5
11. a3 Na6 12. Bd3 a4 13. Qa2 b4 14. axb4 Nxb4 15. Qb1 Ba6 16. Bxa6 Nxa6 17. Rxa4 O-O 18. Nge2 Nb4 19. Rxa8 Rxa8 20. O-O c5
21. dxc5 Qxc5 22. Kf2 e5 23. Rd1 d4 24. exd4 exd4 25. Nxd4 g6 26. Qc1 Na2 27. Nxa2 Rxa2 28. Qf4 Nh5 29. Qb8+ Qf8 30. Qxf8+ Kxf8
31. b3 Nf4 32. g3 Nd5 33. Rd2 f5 34. Ke2 f4 35. Ne6+ Kf7 36. Ng5+ Kg7 37. Rxd5 Rxc2+ 38. Rd2 Rc3 39. Rd7+ Kh6 40. h4 Rxb3
41. Rxh7#
1-0

[Event "Chess for fun, not chess for blood"]
[Site "SchemingMind.com"]
[Date "2009.05.04"]
[Round "-"]
[White "schakert"]
[Black "Ivancic"]
[Result "0-1"]
[WhiteCountry "NED"]
[BlackCountry "AUS"]
[WhiteElo "1729"]
[WhiteRD "63"]
[BlackElo "1957"]
[BlackRD "71"]
[GameID "203165"]

1. d4 d5 2. Nf3 Nf6 3. c4 e6 4. Bg5 dxc4 5. e4 b5 6. a4 c6 7. axb5 cxb5 8. b3 Bb4+ 9. Bd2 Qe7 10. bxc4 Bxd2+
11. Nbxd2 bxc4 12. Bxc4 Bb7 13. O-O Nxe4 14. Bb5+ Kf8 15. Nxe4 Bxe4 16. Rc1 g6 17. Qe1 Bxf3 18. Qe3 Bb7 19. Qh6+ Kg8 20. Qf4 Na6
21. Rc3 Qb4 22. Bxa6 Qxc3 23. Bxb7 Rd8 24. d5 Kg7 25. dxe6 Qf6 26. Qa4 Qxe6 27. Qxa7 Rhe8 28. g3 Re7 29. Qa5 Rf8 30. Qc3+ Qe5
31. Qxe5+ Rxe5 32. Kg2 Rb8 33. Rb1 Re7 34. Be4 Rxb1 35. Bxb1 f5 36. Bd3 Kf6 37. h4 Ke5 38. Bc4 f4 39. Be2 fxg3 40. fxg3 Kd4
41. Bd1 Ke3 42. Bb3 Rd7 43. Bg8 h6 44. Be6 Rd2+ 45. Kh3 Kf3 46. g4 Kf4 47. h5 g5 48. Bc4 Rf2
0-1

[Event "Chess for fun, not chess for blood"]
[Site "SchemingMind.com"]
[Date "2009.05.04"]
[Round "-"]
[White "schakert"]
[Black "Jochen"]
[Result "1-0"]
[WhiteCountry "NED"]
[BlackCountry "GBR"]
[WhiteElo "1712"]
[WhiteRD "62"]
[BlackElo "1168"]
[BlackRD "77"]
[GameID "203166"]

1. d4 d5 2. c4 dxc4 3. e4 b5 4. a4 b4 5. Bxc4 Nc6 6. Qh5 Nf6 7. Qxf7+ Kd7 8. Be6+ Kd6 9. e5+ Nxe5 10. dxe5+ Kxe5
11. Nf3+ Kd6 12. Bf4+ Kc6 13. O-O Ba6 14. Bc4 Bxc4 15. Qxc4+ Kb7 16. Qb5+ Kc8 17. Qa6+ Kd7 18. Rd1+ Ke8 19. Qc6+ Kf7 20. Ne5+ Kg8
21. Qe6#
1-0

[Event "Chess for fun, not chess for blood"]
[Site "SchemingMind.com"]
[Date "2009.05.03"]
[Round "-"]
[White "schakert"]
[Black "MazetaFighter"]
[Result "1-0"]
[WhiteCountry "NED"]
[BlackCountry "GRE"]
[WhiteElo "1712"]
[WhiteRD "62"]
[BlackElo "2036"]
[BlackRD "70"]
[GameID "203167"]

1. d4 Nf6 2. c4 e6 3. Nc3 b6 4. Nf3 Bb7 5. Bg5 h6 6. Bxf6 Qxf6 7. e4 Bb4 8. Bd3 O-O 9. O-O Bxc3 10. bxc3 d6
11. Qc2 Nd7 12. a4 a5 13. Rfe1 Rfe8 14. Rab1 e5 15. c5 dxc5 16. d5 Nf8 17. Qe2 Ng6 18. Bb5 Nf4 19. Qf1 Red8 20. Re3 g5
21. g3 Ng6 22. Ne1 g4 23. Ng2 c6 24. Bxc6 Bxc6 25. Rxb6 Ne7 26. f4 Rdb8 27. Rxb8+ Rxb8 28. dxc6 Nxc6 29. Qc4 Rb1+ 30. Kf2 Rb2+
31. Re2 Rxe2+ 32. Kxe2 Qd6 33. Qd5 Qxd5 34. exd5 Nb8 35. Kd3
1-0

[Event "Chess for fun, not chess for blood"]
[Site "SchemingMind.com"]
[Date "2009.05.03"]
[Round "-"]
[White "schakert"]
[Black "aadaam"]
[Result "1-0"]
[WhiteCountry "NED"]
[BlackCountry "INT"]
[WhiteElo "1712"]
[WhiteRD "62"]
[BlackElo "1688"]
[BlackRD "47"]
[GameID "203168"]

1. d4 Nf6 2. c4 g6 3. Nc3 d5 4. cxd5 Nxd5 5. e4 Nxc3 6. bxc3 Bg7 7. Bc4 c5 8. Bb2 cxd4 9. Bb5+ Bd7 10. Bxd7+ Qxd7
11. cxd4 O-O 12. Nf3 Nc6 13. O-O Rfd8 14. e5 e6 15. Qb3 Na5 16. Qd3 Rac8 17. Rac1 Bh6 18. Rc3 Nc6 19. Bc1 Bg7 20. Bg5 Re8
21. Rfc1 Nb4 22. Qb1 Rxc3 23. Rxc3 Nd5 24. Rb3 b6 25. Nd2 Rc8 26. Ne4 Qc6 27. Nd6 Rc7 28. Nb5 Rd7 29. Rb2 Bf8 30. Rc2 Qb7
31. Qc1 a6 32. Rc8 f6 33. Bh6
1-0

[Event "Chess for fun, not chess for blood"]
[Site "SchemingMind.com"]
[Date "2009.05.03"]
[Round "-"]
[White "lame wolf"]
[Black "schakert"]
[Result "0-1"]
[WhiteCountry "INT"]
[BlackCountry "NED"]
[WhiteElo "1075"]
[WhiteRD "42"]
[BlackElo "1712"]
[BlackRD "62"]
[GameID "203169"]

1. c4 d6 2. d4 Nd7 3. e4 e5 4. d5 c6 5. Bd3 Ngf6 6. Be3 Qc7 7. b4 Be7 8. Qb3 h6 9. a4 g5 10. a5 Nf8
11. Nc3 Ng6 12. c5 Nf4 13. Be2 Nxg2+ 14. Kf1 Nxe3+ 15. fxe3 Ng4 16. cxd6 Bxd6 17. b5 Nxe3+ 18. Kf2 Bc5 19. Nf3 Nc2+ 20. Kg2 Qd7
21. Qxc2 Qh3#
0-1

[Event "Chess for fun, not chess for blood"]
[Site "SchemingMind.com"]
[Date "2009.05.04"]
[Round "-"]
[White "Ivancic"]
[Black "schakert"]
[Result "1-0"]
[WhiteCountry "AUS"]
[BlackCountry "NED"]
[WhiteElo "1957"]
[WhiteRD "71"]
[BlackElo "1729"]
[BlackRD "63"]
[GameID "203170"]

1. e4 d6 2. d4 Nd7 3. Nc3 e5 4. d5 c6 5. Bc4 Ngf6 6. Nf3 h6 7. h3 Qc7 8. Be3 Be7 9. Qd2 Nf8 10. O-O-O b5
11. Bb3 b4 12. Na4 c5 13. Qd3 Bd7 14. Nxc5 dxc5 15. d6 c4 16. Qxc4 Qxc4 17. Bxc4 Bd8 18. Nxe5 Ne6 19. f4 O-O 20. Bd5 Nxd5
21. exd5 Nxf4 22. Nxd7 Nxg2 23. Bd2 Re8 24. Rhg1 Re2 25. Bxb4 Bg5+ 26. Bd2 Rd8 27. Bxg5 hxg5 28. Rd2 Nf4 29. Nc5 Rxd2 30. Kxd2 Nxd5
31. d7 f6 32. c4 Nb6 33. Kc3 Kf7 34. Rd1 Ke7 35. b4 Nxd7 36. Rxd7+ Rxd7 37. Nxd7 Kxd7 38. Kd4 Kc6 39. a4 f5 40. b5+ Kc7
41. c5 g6 42. a5 Kd7 43. a6 Kc7 44. Ke5 Kc8 45. b6
1-0

[Event "Chess for fun, not chess for blood"]
[Site "SchemingMind.com"]
[Date "2009.05.04"]
[Round "-"]
[White "Jochen"]
[Black "schakert"]
[Result "0-1"]
[WhiteCountry "GBR"]
[BlackCountry "NED"]
[WhiteElo "1168"]
[WhiteRD "77"]
[BlackElo "1712"]
[BlackRD "62"]
[GameID "203171"]

1. e4 d6 2. h3 Nd7 3. Bb5 c6 4. Ba4 e5 5. Bb3 Ngf6 6. Nc3 Qc7 7. Nf3 Be7 8. Ng5 O-O 9. O-O h6 10. Nf3 b5
11. Ne2 Nc5 12. Nh4 Nxb3 13. cxb3 Nxe4 14. Nf5 Bxf5 15. Ng3 Bg6 16. d3 Nxg3 17. fxg3 Bg5 18. Bxg5 hxg5 19. Kh2 f5 20. b4 d5
21. Qe1 e4 22. d4 f4 23. Kg1 fxg3 24. Qe3 Qb6 25. Qxg5 Qxd4+ 26. Rf2 Qxf2+ 27. Kh1 Qf1+ 28. Rxf1 Rxf1#
0-1

[Event "Chess for fun, not chess for blood"]
[Site "SchemingMind.com"]
[Date "2009.05.03"]
[Round "-"]
[White "MazetaFighter"]
[Black "schakert"]
[Result "0-1"]
[WhiteCountry "GRE"]
[BlackCountry "NED"]
[WhiteElo "2036"]
[WhiteRD "70"]
[BlackElo "1712"]
[BlackRD "62"]
[GameID "203172"]

1. c4 d6 2. d4 Nd7 3. e4 e5 4. Nf3 Ngf6 5. Nc3 c6 6. Be2 Qc7 7. O-O Be7 8. h3 h6 9. Be3 Nf8 10. Qc2 Rg8
11. dxe5 dxe5 12. Rfd1 g5 13. Rac1 Ng6 14. a3 Nf4 15. Bxf4 gxf4 16. Kh1 Bd7 17. b4 O-O-O 18. Qa4 Kb8 19. b5 Bc5 20. Rf1 Qc8
21. Ng1 Nh7 22. Bh5 Ng5 23. h4 Nh3 24. gxh3 Bxh3 25. Kh2 Bxf1 26. Rxf1 Rd3
0-1